Questions in the house. (Record no. 60500)

MARC details
000 -LEADER
fixed length control field 00770cam a2200193 4500
001 - CONTROL NUMBER
control field ABS60845
008 - FIXED-LENGTH DATA ELEMENTS--GENERAL INFORMATION
fixed length control field 000000n1999 000 0 eng u
035 ## - SYSTEM CONTROL NUMBER
System control number (Sirsi) u101355
100 ## - MAIN ENTRY--PERSONAL NAME
Personal name Benyon, L.
245 ## - TITLE STATEMENT
Title Questions in the house.
260 ## - PUBLICATION, DISTRIBUTION, ETC.
Date of publication, distribution, etc. 1999
490 ## - SERIES STATEMENT
Series statement Property Week
Volume/sequential designation 64(25) 25 June 1999, 33; 64(26) 2 July 1999, 26-27
520 ## - SUMMARY, ETC.
Summary, etc. Two articles looking at the property industry's attitudes to lobbying. The first article assesses the success of past attempts to influence government policy, and the second discusses how the Mayor of London and the elected assembly will change the equation.
650 ## - SUBJECT ADDED ENTRY--TOPICAL TERM
Topical term or geographic name entry element GOVERNMENT
650 ## - SUBJECT ADDED ENTRY--TOPICAL TERM
Topical term or geographic name entry element LONDON
650 ## - SUBJECT ADDED ENTRY--TOPICAL TERM
Topical term or geographic name entry element PARLIAMENT
690 ## - LOCAL SUBJECT ADDED ENTRY--TOPICAL TERM (OCLC, RLIN)
Topical term or geographic name as entry element MANAGEMENT-BUSINESS MANAGEMENT-PROFESSIONAL PRACTICE
942 ## - ADDED ENTRY ELEMENTS (KOHA)
Suppress in OPAC 0
Holdings
Withdrawn status Lost status Source of classification or shelving scheme Damaged status Not for loan Home library Current library Shelving location Date acquired Total Checkouts Full call number Barcode Date last seen Copy number Price effective from Koha item type
    Dewey Decimal Classification     London London Journal article 04/11/1999   ABS60845 101355-1001 06/08/2019 1 06/08/2019 Journal article